Chirigotas de Juan Carlos Aragón - Estadísticas

Estadísticas generales
  • Esta prueba ha sido intentada 11 veces
  • La puntuación promedio es 9 de 12
Estadísticas de respuestas
Año Chirigota % Correcto
1999 Los Yesterday
100%
2002 Vota P.I.CH.A.
100%
2019 Er Chele Vara
91%
2011 Los Antesdeayesterday
91%
1997 Kadi City, Ciudad sin Ley
82%
2001 Los Panteras
82%
1995 Los Tintos de Verano
82%
2000 Flamenkito Apaleao
73%
1998 Las Ruinas Romanas de Cádiz
73%
1996 Los Guiris
73%
1994 Un Peasso Coro
73%
1985 Los Tartaja Tajarinas
18%
No se encontraron pruebas coincidentes
Distribución de puntuación
Porcentaje de gente con cada puntuación
Porcentaje por número respondido
Historial de tus puntuaciones
No has intentado esta prueba.